00579nam a2200193Ia 4500001001000000003000500010008004100015010001100056040000900067082001700076100001600093245006000109260006600169300001600235440001900251500003200270650003700302650004600339Para_7479CHAP220125s1900 xx 000 0 und d a206366 cCHAP aPA-C 632 B85 aLowe, V. H. aA fumigator for small, Orchard trees /c by V. H. Lowe aGeneva, N. Y. :b New York, Agricultural Expepriment Station app. 133-138 aBulletin , 181 aEnc. con impresos similares aArboles frutales x fumigación aFitopatologia x colecciones de escritos